| 000 | 00541nam a22001937a 4500 | ||
|---|---|---|---|
| 003 | 0 | ||
| 005 | 20251119162639.0 | ||
| 008 | 240920b xxu||||| |||| 00| 0 eng d | ||
| 020 | _a978-93-575177-5-1 | ||
| 050 |
_aPN 1991 _b.Al55 2024 |
||
| 100 | _aAllan, Haden | ||
| 245 |
_aOnline news _cAllan, Haden |
||
| 260 |
_aNew Delhi India _bRandom publications _cC2024 |
||
| 300 |
_aix,292p. _c24cm. |
||
| 504 | _aIncludes bibliographical references and index. | ||
| 650 | _aNews, websites. | ||
| 650 | _aOnline information. | ||
| 942 |
_2lcc _cBK |
||
| 999 |
_c366273 _d366273 |
||